Ministrowie Cyfryzacji III RP - Statystyki

Ogólne statystyki
  • Ten quiz został rozwiązany 7 razy
  • Średni wynik to 4 z 10
Statystyki odpowiedzi
Imię i Nazwisko Partia Czas Urzędowania Rząd % Poprawnych
Krzysztof Gawkowski NL 2023 - nadal Trzeci Rząd Tuska
100%
Anna Streżyńska bezpartyjna 2015 - 2018 Rząd Szydło / Pierwszy Rząd Morawieckiego
67%
Janusz Cieszyński PiS 2023 - 2023 Drugi Rząd Morawieckiego
67%
Mateusz Morawiecki PiS 2020 - 2023 Drugi Rząd Morawieckiego
67%
Michał Boni PO 2011 - 2013 Drugi Rząd Tuska
67%
Rafał Trzaskowski PO 2013 - 2014 Drugi Rząd Tuska
67%
Andrzej Halicki PO 2014 - 2015 Rząd Kopacz
0%
Marek Zagórski PiS 2018 - 2020 Pierwszy i Drugi Rząd Morawieckiego
0%
Marlena Maląg PiS 2023 - 2023 Trzeci Rząd Morawieckiego
0%
Michał Kleiber bezpartyjny 2004 - 2005 Pierwszy i Drugi Rząd Belki
0%
Nie znaleziono quizów pasujących do podanych kryteriów
Rozkład punktacji
Procent ludzi z każdym wynikiem
Percentyl według liczby udzielonych odpowiedzi
Twoja historia wyników
Nie rozwiązałeś tego quizu